00385nam a22001457a 4500003000400000005001700004008004100021020002200062040002900084050002500113100001800138245004700156260002300203300001300226OSt20250515095156.0250515b |||||||| |||| 00| 0 eng d a978-0-85725-685-0 cCHUKA UNIVERSITY LIBRARY aLB1139.35b.A53 2012 aAndrew, Mandy aExploring Play for Early Childhood Studies aLondonbSAGAc2012 avii,204p